000 03315nab a2200301 i 4500
003 BR-BrBNA
005 20230926094447.0
008 230711b2020 bl.ar|pooa||| 00| 0 eng |
040 _aBR-BrBNA
_beng
072 _aH60
_b1840
100 _aSantos, R.N.V.
100 _aPires, T.P.
100 _aMesquita, M.L.R.
100 _aCorrea, M.J.P.
100 _aSilva, M.R.M.
245 _aWeed interference in okra crop in the organic system during the dry season
500 _aPublicação on-line; 26 ref.; 2 tables; 5 illus.; Summaries (En, Pt)
520 _a ABSTRACT - In organic systems during the dry season, competition of weeds with okra increases the critical period of interference of these species and yield losses. The objective of this research was to determine the critical period of weed interference in organic okra during the dry season in São Luís - MA. The experiment was conducted from October/2014 to January/2015 in randomized blocks, with four replicates. The treatments were the periods of 07, 14, 21, 28, 35, 42 days after the transplanting of the crop with control and coexistence of the infesting community. The species with the highest importance value index were Cynodon dactylon, Eleusine indica, Amaranthus spinosus and Commelina benghalensis. The CPWI was 04 to 53 days after transplanting and yield losses were 69.5%. The organic okra cropping system during the season dry should be free of weeds until the beginning of the harvest to avoid high yield loss. Keywords: Abelmoschus esculentus (L.) Moench., competition, water deficit, weed community.
520 _a RESUMO - Em sistema orgânico durante a estação “seca”, a competição das plantas daninhas com a cultura do quiabo aumenta o período crítico de interferência dessas espécies e as perdas de rendimento. Assim, objetivou-se neste trabalho determinar o período crítico de interferência das plantas daninhas no cultivo de quiabo orgânico durante a estação “seca”, em São Luís - MA. O experimento foi conduzido de outubro/2014 a janeiro/2015 em blocos ao acaso com quatro repetições. Os tratamentos foram os períodos de 7, 14, 21, 28, 35, 42 dias após o transplantio da cultura com controle e convivência da comunidade infestante. As espécies com maior índice de valor de importância foram Cynodon dactylon, Eleusine indica, Amaranthus spinosus e Commelina benghalensis. O PCPI foi de 4 a 53 dias após o transplantio, e as perdas de rendimentos foram de 69,5%. A cultura do quiabo em sistema orgânico durante a estação “seca” deve ser livre de plantas daninhas até o início da colheita, a fim de evitar elevadas perdas de rendimento. Palavras-chave: Abelmoschus esculentus (L.) Moench., competição, déficit hídrico, comunidade infestante.
650 _aABELMOSCHUS ESCULENTUS
650 _aQUIABO
650 _aERVA DANINHA
650 _aDEFICIÊNCIA HÍDRICA
773 0 _0886
_91817
_dLondrina-PR : Sociedade Brasileira da Ciência das Plantas Daninhas, 1978
_o2023-031024
_tPlanta Daninha (Brazil)
_x0100-8358; 1806-9681 (on-line)
_gv. 38 p. 1-10; (2020)
_wBR2023000789
856 _uhttps://www.scielo.br/j/pd/a/ZCXtbs6BVhGP8yfmcCQ9j8D/?format=pdf&lang=en
942 _cAnalítica
999 _c9599
_d9599